Los fundamentos del pensamiento polt̕ico moderno

Detalles Bibliográficos
Autor principal: Skinner, Quentin
Formato: Libro
Lenguaje:español
Publicado: Mx̌ico Fondo de Cultura Econm̤ica 1985
Materias:
Acceso en línea:Acceso restringido

MARC

LEADER 00000nam a22000007a 4500
005 20151203115651.0
007 cr|z|| ||u|
008 151203s1985 mx ||||| |||| 00||0 spa d
020 |a 978-968-16-1657-1 
035 |a 12959 
040 |a vLex 
090 |c 5722  |d 5722 
100 1 |a Skinner, Quentin 
245 1 4 |a Los fundamentos del pensamiento polt̕ico moderno  |h [Recurso electrn̤ico] /  |c Quentin Skinner  
256 |a Servicio en ln̕ea  
260 |a Mx̌ico  |b Fondo de Cultura Econm̤ica  |c 1985 
300 |a 1 recurso electrn̤ico (El renacimiento. Primera edicin̤ en espaǫl. 315 Pg̀inas). 
506 1 |a Contenido solo disponible en los productos indicados  |d vLex Global  |d vLex Global (Academic Edition, excluding Law Schools)  |d vLex Global (U.S. Academic Edition, Law Schools)  |d vLex Global (U.S. Academic Edition, excluding Law Schools)  |d vLex Global (Academic Edition, Law Schools) 
650 0 4 |a Renacimiento  |z Mx̌ico 
740 0 |a vLex libros (servicio en ln̕ea)  
856 4 0 |u http://vlex.com/source/fundamentos-pensamiento-politico-moderno-12959  |z Acceso restringido  
942 |c BOOK 
999 0 |a Renaissance